Catálogo público

Fruticultura / (Record no. 206660)

MARC details
000 -CABECERA
campo de control de longitud fija 00683nam a2200277Ia 4500
001 - NÚMERO DE CONTROL
campo de control Para_9308
003 - IDENTIFICADOR DEL NÚMERO DE CONTROL
campo de control CHAP
008 - DATOS DE LONGITUD FIJA--INFORMACIÓN GENERAL
campo de control de longitud fija 220125s2004 xx 000 0 und d
010 ## - NÚMERO DE CONTROL DE LA BIBLIOTECA DEL CONGRESO
Número de control de LC 206660
020 ## - NÚMERO INTERNACIONAL ESTÁNDAR DEL LIBRO
Número Internacional Estándar del Libro 84 - 8476 - 209 - 2
040 ## - FUENTE DE LA CATALOGACIÓN
Centro/agencia transcriptor CHAP
082 ## - NÚMERO DE LA CLASIFICACIÓN DECIMAL DEWEY
Número de clasificación PA 634 A3
100 ## - ENTRADA PRINCIPAL--NOMBRE DE PERSONA
Nombre de persona Agusti, M.
9 (RLIN) 172977
245 ## - MENCIÓN DE TÍTULO
Título Fruticultura /
Mención de responsabilidad, etc. por M. Agusti
260 ## - PUBLICACIÓN, DISTRIBUCIÓN, ETC.
Lugar de publicación, distribución, etc. España :
Nombre del editor, distribuidor, etc. Mundi - Prensa
300 ## - DESCRIPCIÓN FÍSICA
Extensión 493 p.
503 ## - NOTA DE HISTORIA BIBLIOGRÁFICA (BK CF MU) [OBSOLETO]
Nota de historia bibliográfica C/e (ej.1) \ C/e (ej.2)
650 ## - PUNTO DE ACCESO ADICIONAL DE MATERIA--TÉRMINO DE MATERIA
Término de materia o nombre geográfico como elemento de entrada Fruticultura
9 (RLIN) 43684
901 ## - ELEMENTOS DE DATOS A LOCAL LDA (RLIN)
a PA 634 A3
902 ## - ELEMENTOS DE DATOS B LOCAL, LDB (RLIN)
a M
905 ## - ELEMENTOS DE DATOS E LOCAL, LDE (RLIN)
a 5232202004 amn 8000000300 06
910 ## - DATOS DE OPCIÓN DEL USUARIO (OCLC)
Datos de opción del usuario 2004
942 ## - ELEMENTOS DE PUNTO DE ACCESO ADICIONAL (KOHA)
Tipo de ítem Koha Parasitologia_
942 ## - ELEMENTOS DE PUNTO DE ACCESO ADICIONAL (KOHA)
Tipo de ítem Koha Parasitologia_
-- 1
Holdings
Estado de retiro Estado de pérdida Fuente del sistema de clasificación o colocación Estado dañado No para préstamo Código de colección Localización permanente Ubicación/localización actual Fecha de adquisición Número de inventario Total de préstamos Renovaciones totales Signatura topográfica completa Código de barras Fecha visto por última vez Fecha del último préstamo Número de copia Precio válido a partir de Tipo de ítem Koha Nota pública Restricciones de uso
    Dewey Decimal Classification     General Parasitologia Agricola Parasitologia Agricola 22/08/2007 (PA_09147) (No. UACh C/E) 1 1 PA 634 A3 4102003359 10/07/2023 06/07/2023 Ej.2 25/01/2022 Libro 3  
    Dewey Decimal Classification     General Parasitologia Agricola Parasitologia Agricola 22/08/2007 (PA_09146) (No. UACh C/E)     PA 634 A3 4102003358 25/01/2022   Ej.1 25/01/2022 Libro 3 Préstamo interno